Visualizzazione normale
Vista MARC
- ROCK [CASSETTE]
di Topical Term
Records bibliografici associati: 32
001 - CONTROL NUMBER
- control field: 2285
003 - CONTROL NUMBER IDENTIFIER
- control field: IT-RoPau
005 - DATE AND TIME OF LATEST TRANSACTION
- control field: 20131118214705.0
008 - FIXED-LENGTH DATA ELEMENTS
- fixed length control field: 131118|| aca||aabn | a|a d
040 ## - CATALOGING SOURCE
- Original cataloging agency: IT-RoPau
- Transcribing agency: IT-RoPau
150 ## - HEADING--TOPICAL TERM
- Topical term or geographic name entry element: ROCK [CASSETTE]
- : Codice MATERIA SPICS: 9951
670 ## - SOURCE DATA FOUND
- Source citation: Work cat.: (IT-RoPau)102117: Stewart Rod 2282, Camouflage